|
|
|
|
| LEADER |
00000nam a2200000Ii 4500 |
| 001 |
DIGBRUJ138 |
| 003 |
NyNyDIG |
| 006 |
m o d |
| 007 |
cr ||||||||||| |
| 008 |
220708s2016 ag ob 000 0 spa d |
| 035 |
|
|
|a (OCoLC)1350508743
|
| 040 |
|
|
|a DGITA
|b eng
|e rda
|e pn
|c DGITA
|
| 020 |
|
|
|a 9789871925599
|q pdf
|
| 020 |
|
|
|z 9789871432301
|
| 050 |
1 |
4 |
|a GE70 ebook
|
| 082 |
0 |
4 |
|a 333.72
|
| 100 |
1 |
|
|a Sbarato, Viviana M.
|q (Viviana María),
|e author.
|
| 245 |
1 |
0 |
|a Metodología de la enseñanza de las ciencias del ambiente /
|c Viviana María Sbarato, Rubén Darío Sbarato, José Emilio Ortega.
|
| 264 |
|
1 |
|a Córdoba, Argentina :
|b Encuentro Grupo Editor,
|c [2016]
|
| 300 |
|
|
|a 1 online resource.
|
| 336 |
|
|
|a text
|b txt
|2 rdacontent
|
| 337 |
|
|
|a computer
|b c
|2 rdamedia
|
| 338 |
|
|
|a online resource
|b cr
|2 rdacarrier
|
| 347 |
|
|
|a text file
|2 rdaft
|
| 347 |
|
|
|b PDF
|
| 500 |
|
|
|a "U.T.N. Facultad Regional San Francisco, Licenciatura en Enseñanza de Ciencias del Ambiente; Fundación pensar y hacer para el desarrollo integral"--Cover.
|
| 504 |
|
|
|a Includes bibliographical references.
|
| 588 |
0 |
|
|a Online resource; title from PDF title page (Digitalia, viewed July 8, 2022)
|
| 650 |
|
0 |
|a Environmental education.
|
| 650 |
|
0 |
|a Environmental indicators.
|
| 655 |
|
0 |
|a Electronic books.
|
| 700 |
1 |
|
|a Sbarato, Darío,
|e author.
|
| 700 |
1 |
|
|a Ortega, José E.
|q (José Emilio),
|e author.
|
| 791 |
2 |
|
|a Digitalia (Firm),
|e distributor.
|
| 793 |
0 |
|
|g Digitalia eBook Collection:
|a Editorial Brujas
|
| 776 |
0 |
8 |
|i Print version:
|a Sbarato, Viviana M. (Viviana María).
|t Metodología de la enseñanza de las ciencias del ambiente.
|d Córdoba, Argentina : Encuentro Grupo Editor :Editorial Brujas, [2016]
|z 9789871432301
|
| 856 |
4 |
0 |
|3 Digitalia Hispánica
|u https://www.digitaliapublishing.com/a/41825/
|
| 910 |
|
|
|a Premium collection: 2022
|